000 00349nam a22001457a 4500
020 _a0-14-013836-6
082 _a900
_bSPE/H
100 _aSPEAR, PERCIVAL
245 _aA HISTORY OF INDIA
_bVOLUME II
250 _aFIRST EDITION REPRINT
260 _aDELHI
_bPENGUIN BOOKS
_c1990
300 _a298
650 _aHISTORY REFERENCE
_zINDIA
942 _cBK
999 _c1569
_d1569